Cakna remaja : pencegahan awal kenakalan remaja

Bibliographic Details
Main Author: Ahmad Asri Lubis
Format: Book
Published: Selangor : Yamani Angle , 2012
Subjects:

MARC

LEADER 00000cam a2200000 7i4500
001 0000038856
005 20131128.0
008 131128
020 |a 9675370816 
090 0 0 |a 305.235   |b AHM 
100 0 |a Ahmad Asri Lubis 
245 1 0 |a Cakna remaja :   |b pencegahan awal kenakalan remaja   |c Ahmad Asri Lubis 
260 |a Selangor :   |b Yamani Angle ,   |c 2012 
650 0 |a Parenting   |x Religious aspects   |x Islam 
650 0 |a Teenagers   |x Conduct of life 
999 |a 0001255521   |b Book   |c Adult Collection   |e Cawangan AEON Kulaijaya 
999 |a 0001255762   |b Book   |c Adult Collection   |e Perbadanan Perpustakaan Awam Johor 
999 |a 0001256878   |b Book   |c Adult Collection   |e Cawangan Pontian 
999 |a 0001256879   |b Book   |c Adult Collection   |e Cawangan Taman Sri Lambak 
999 |a 0001256880   |b Book   |c Adult Collection   |e Cawangan Muar 
999 |a 0001256881   |b Book   |c Adult Collection   |e Cawangan Bandar Tenggara 
999 |a 0001256882   |b Book   |c Adult Collection   |e Cawangan Segamat 
999 |a 0001256883   |b Book   |c Adult Collection   |e Cawangan Mersing 
999 |a 0001256886   |b Book   |c Adult Collection   |e Cawangan Segamat 
999 |a 0001256887   |b Book   |c Adult Collection   |e Cawangan Bukit Gambir 
999 |a 0001256888   |b Book   |c Adult Collection   |e Cawangan Tangkak 
999 |a 0001257853   |b Book   |c Adult Collection   |e Perbadanan Perpustakaan Awam Johor